Normal view
MARC view
- Speh, T. W , Hutt, M. D
Entry Personal Name
001 - CONTROL NUMBER
- control field: 68859
003 - CONTROL NUMBER IDENTIFIER
- control field: NUST
005 - DATE AND TIME OF LATEST TRANSACTION
- control field: 20210628204127.0
008 - FIXED-LENGTH DATA ELEMENTS
- fixed length control field: 210628|| aca||aabn | a|a d
040 ## - CATALOGING SOURCE
- Original cataloging agency: NUST
- Transcribing agency: NUST
100 ## - HEADING--PERSONAL NAME
- Personal name: Speh, T. W , Hutt, M. D
670 ## - SOURCE DATA FOUND
- Source citation: Work cat.: (NUST): Speh, T. W , Hutt, M. D, Business marketing management , a strategic view of industrial and organizational markets, 1995
